000 00880cam a2200253 a 4500
005 20260322212011.0
008 data
010 _a 95043648
020 _a0830818618 (cloth : alk. paper)
020 _a9780830818617 (cloth : alk. paper)
040 _aDLC
_cDLC
_dDLC
050 0 0 _aBT301.9
_b.W58 1995
082 0 0 _a232.9/08
_220
092 _a232.9 W58 1995
100 1 _aWitherington, Ben,
_d1951-
245 1 4 _aThe Jesus quest :
_bthe third search for the Jew of Nazareth /
_cBen Witherington.
260 _aDowners Grove, Ill. :
_bInterVarsity Press,
_cc1995.
300 _a304 p. ;
_c24 cm.
504 _aIncludes bibliographical references (p. [288]-294) and indexes.
600 0 0 _aJesus Christ
_xHistory and criticism.
_xHistory and criticism.
600 0 0 _aJesus Christ
_xHistoricity.
630 0 0 _aBible.
_pGospels
_pGospels
_xHistory
_xHistory
_y20th century.
001 data
999 _c234
_d234